00382nam a2200157 a 450000100060000000300090000600800410001502000150005604000280007108200150009910000210011424500240013526000360015930000070019565000220020214189CO-ViMGA141112s2004 ck r 000 u spa d a9800102647 aCO-ViMGAbspacCO-ViMGA04aV861 G371u1 aGerbasi, Vicente10aUn dia muy distante aCaracas : bMonte Avila, c1988 a6214aPOESIA VENEZOLANA